| 000 | 00728cam a22002531i 4500 | ||
|---|---|---|---|
| 001 | sa 65001540 | ||
| 003 | DLC | ||
| 005 | 20260227112109.0 | ||
| 008 | 830629m19009999io 000 0 ind | ||
| 010 | _asa 65001540 | ||
| 035 | _a(OCoLC)9655084 | ||
| 040 |
_aDLC _cOAU _dOCoLC _dDLC |
||
| 041 | 0 | _aindarb | |
| 042 | _apremarc | ||
| 050 | 0 | 0 |
_aBP130.4 _b.A8 |
| 100 | 2 |
_aAsh Shiddieqy, M. Hasbi, _cT., _d1906- |
|
| 245 | 1 | 0 |
_aTafsier al-Qurânul madjied "An-Nur" / _c[oleh] M. Hasbi Ash-shiddieqy. |
| 250 | _a[Tjet. 2] | ||
| 260 |
_aDjakarta : _bBulan Bintang, _c19-- |
||
| 300 |
_av. : _bill. ; _c22-24 cm. |
||
| 500 | _aIndonesian and Arabic. | ||
| 500 | _aVols.7, 15-17, 30: tjet. 1. | ||
| 630 | 0 | 0 |
_aQurʼan _xCommentaries. |
| 999 |
_c62093 _d62093 |
||